01927nam a2200469 i 450000100060000000300080000600500170001400600190003100700150005000800410006502000180010602000280012403500220015204000310017404300120020505000220021708000120023908200170025110000300026824500990029826400590039730000410045633600290049733700330052633800390055949000620059850400290066058800830068959001620077261000290093465000600096365000650102365000340108865100470112265100620116965500270123170000380125879700180129683000630131485600630137799900170144023242FINmELB20241216214054.0m o u cr cn|||||||||200110s2018 mx ob 000 0 spa d z9786071658753 a9786071661050q(e-book) a(OCoLC)1139501756 aFINmELBbspaerdacFINmELB an-mx---14aBX1428bG215 2018 a282(72)04a282.09722231 aGarcía Ayluardo, Clara.10aIglesia y religión :bla Nueva España /cClara García Ayluardo, Antonio Rubial García. 1aMéxico, D.F. :bFondo de Cultura Económica,c2018. a1 recurso en línea (274 páginas) atextobtxt2rdamedia/spa acomputadorabc2rdamedia/spa arecurso en línea2rdacarrier/spa1 aColección Historia. Serie Herramientas para la historia aContiene bibliografía. aDescripción basada en metadatos suministrados por el editor y otras fuentes. aRecurso electrónico. Santa Fe, Arg.: elibro, 2020. Disponible vía World Wide Web. El acceso puede estar limitado para las bibliotecas afiliadas a elibro.20aCatholic ChurchzMexico. 0aMonasticism and religious orderszMexicovBibliography. 4aMonasticismo y ordenes religiosaszMéxicovBibliografía. 4aIglesia CatólicazMéxico. 0aNew SpainxChurch historyxHistoriography. 4aNueva EspañaxHistoria de la iglesiaxHistoriografía. 4aLibros electrónicos.1 aRubial García, Antonio,eautor.2 aelibro, Corp. 0aColección Historia. Serie Herramientas para la historia.40uhttps://elibro.net/ereader/politecnicointernacional/110012 c23242d23242